000
00315nam a22001337a 4500
003
SGT
082
_a
610
_b
D13L
100
_a
LAVEKAR, G.S
245
_a
DOCTOR- PATIENT RELATIONSHIP IN ANCIENT INDIAN MEDICINE
260
_a
VARANASI
_b
CHAUKHAMBHA PUB
_c
2013
300
_a
41
650
_a
AYURVEDA
942
_2
ddc
_c
BK
999
_c
14383
_d
14383